书目信息 |
| 题名: |
六合一统
|
|
| 作者: | 杨志刚 著 | |
| 分册: | ||
| 出版信息: | 广州 广东人民出版社 2021 |
|
| 页数: | 305页 | |
| 开本: | 21cm | |
| 丛书名: | 爱上历史丛书 | |
| 单 册: | ||
| 中图分类: | K233.07 | |
| 科图分类: | ||
| 主题词: | 史评--中国--秦代 | |
| 电子资源: | ||
| ISBN: | 978-7-218-14669-0 | |
| 000 | 00972nam0 2200265 450 | |
| 001 | 011420441 | |
| 005 | 20210923134217.0 | |
| 010 | @a978-7-218-14669-0@dCNY58.00 | |
| 100 | @a20210923d2021 em y0chiy0120 ea | |
| 101 | 0 | @achi |
| 102 | @aCN@b440000 | |
| 105 | @ay z 000yy | |
| 106 | @ar | |
| 200 | 1 | @a六合一统@9liu he yi tong@e中华帝国的崛起@f杨志刚著 |
| 210 | @a广州@c广东人民出版社@d2021 | |
| 215 | @a305页@d21cm | |
| 225 | 1 | @a爱上历史丛书 |
| 300 | @a拿起就放不下的中国通史私教课·秦 | |
| 330 | @a本书讲述了中国第一个大一统帝国如何崛起,又如何崩溃的故事。在春秋战国之际国家形态转化的大背景下,从政治、经济、军事、思想以有地理环境、区域文化、某些人物的个人作用等各个层面,剖析秦国——秦王朝的兴衰成败,认识、把握这段历史的脉动和发展轨迹。 | |
| 461 | 0 | @12001 @a爱上历史丛书 |
| 606 | 0 | @a史评@y中国@z秦代 |
| 690 | @aK233.07@v5 | |
| 701 | 0 | @a杨志刚@9yang zhi gang@f(1962.6-)@4著 |
| 801 | 0 | @aCN@bBJXHZP@c20230228 |
| 905 | @b1399827-30@dK233.07@e127@f4 | |
| 六合一统:中华帝国的崛起/杨志刚著.-广州:广东人民出版社,2021 |
| 305页;21cm.-(爱上历史丛书) |
| 拿起就放不下的中国通史私教课·秦 |
| ISBN 978-7-218-14669-0:CNY58.00 |
| 本书讲述了中国第一个大一统帝国如何崛起,又如何崩溃的故事。在春秋战国之际国家形态转化的大背景下,从政治、经济、军事、思想以有地理环境、区域文化、某些人物的个人作用等各个层面,剖析秦国——秦王朝的兴衰成败,认识、把握这段历史的脉动和发展轨迹。 |
| ● |
| 相关链接 |
|
|
|
|
正题名:六合一统
索取号:K233.07/127
 
预约/预借
| 序号 | 登录号 | 条形码 | 馆藏地/架位号 | 状态 | 备注 |
| 1 | 1399827 | 213998272 | 第二样本阅览室/ [索取号:K233.07/127] | 在馆 | |
| 2 | 1399828 | 213998281 | 第二借阅区/ [索取号:K233.07/127] | 在馆 | |
| 3 | 1399829 | 213998290 | 第二借阅区/ [索取号:K233.07/127] | 在馆 | |
| 4 | 1399830 | 213998307 | 第二借阅区/ [索取号:K233.07/127] | 在馆 |